Analýza hrubého disponibilného dôchodku v sektore domácností
Jednotlivé zložky národnej ekonomiky. Sektor domácností - charakteristika. Architektúra účtov sektora domácností. Analýza tvorby a štruktúry hrubého disponibilného dôchodku. Analýza správania sa domácností ako spotrebiteľov.
Na minha lista:
| Autor principal: | |
|---|---|
| Outros Autores: | |
| Formato: | Capítulo de Livro |
| Idioma: | eslovaco |
| Assuntos: | |
| Tags: |
Sem tags, seja o primeiro a adicionar uma tag!
|
MARC
| LEADER | 00000nla$a2200000$$$4500 | ||
|---|---|---|---|
| 001 | 0060350 | ||
| 005 | 20240502071651.7 | ||
| 041 | 0 | |a slo | |
| 044 | |a SK | ||
| 245 | 1 | 0 | |a Analýza hrubého disponibilného dôchodku v sektore domácností |c Ľubica Hurbánková, Zuzana Jakubcová |
| 520 | |a Jednotlivé zložky národnej ekonomiky. Sektor domácností - charakteristika. Architektúra účtov sektora domácností. Analýza tvorby a štruktúry hrubého disponibilného dôchodku. Analýza správania sa domácností ako spotrebiteľov. | ||
| 610 | 2 | 0 | |a domácnosti |
| 610 | 2 | 0 | |a dôchodok hrubý |
| 610 | 2 | 0 | |a spotreba |
| 610 | 2 | 0 | |a úspory |
| 610 | 2 | 0 | |a práca |
| 610 | 2 | 0 | |a dane |
| 610 | 2 | 0 | |a dávky sociálne |
| 100 | 1 | |a Hurbánková, Ľubica, 1980- | |
| 700 | 1 | |a Jakubcová, Zuzana | |